| 000 | 00434cam a2200169ua 4500 | ||
|---|---|---|---|
| 020 | _a1-56670-296-8 | ||
| 041 |
_aeng _h |
||
| 082 |
_a632.95 _bWAX/AG |
||
| 100 | _aWaxman, Michael F. | ||
| 245 |
_aAgrochemical and pesticide safety handbook / _cMichael F Waxman. _hTextual Documents |
||
| 250 |
_a1 / _b. |
||
| 260 |
_aLondon : _bLewis Publishers , _c1998. |
||
| 300 | _a616 ; . | ||
| 504 | _a | ||
| 942 | _cBK | ||
| 999 |
_c294 _d294 |
||